000 00551nam a2200217Ia 4500
003 OSt
005 20220928143057.0
006 a|||||r|||| 00| 0
007 ta
008 220927b |||||||| |||| 00| 0 eng d
024 _a21020
037 _cTextual
040 _aSDCL
_cSDCL
_beng
041 _2eng
_aeng
082 _aP152:3, M8
100 _aSinha Luxman Prasad
_9504561
245 0 _aHindi bhasha ka rupmeya vishleshan.
260 _c1988
942 _hP152:3, M8
_cTEXL
_2CC
999 _c823082
_d823082